|
|
|
|
| LEADER |
01519nam a2200397Ia 4500 |
| 001 |
EBC1316469 |
| 003 |
MiAaPQ |
| 005 |
20200520144314.0 |
| 006 |
m o d | |
| 007 |
cr cn||||||||| |
| 008 |
130422s2013 dcuab sb i001 0 eng d |
| 010 |
|
|
|z 2013015934
|
| 020 |
|
|
|z 9780821399279 (alk. paper)
|
| 020 |
|
|
|a 9780821399286 (electronic bk.)
|
| 035 |
|
|
|a (MiAaPQ)EBC1316469
|
| 035 |
|
|
|a (Au-PeEL)EBL1316469
|
| 035 |
|
|
|a (CaPaEBR)ebr10732008
|
| 035 |
|
|
|a (CaONFJC)MIL504719
|
| 035 |
|
|
|a (OCoLC)853238447
|
| 040 |
|
|
|a MiAaPQ
|c MiAaPQ
|d MiAaPQ
|
| 050 |
|
4 |
|a HC424
|b .B55 2013
|
| 082 |
0 |
4 |
|a 338.95493
|2 23
|
| 100 |
1 |
|
|a Biller, Dan.
|
| 245 |
1 |
0 |
|a Investing in infrastructure harnessing its potential for economic growth in Sri Lanka
|h [electronic resource] /
|c Dan Biller, Ijaz Nabi.
|
| 260 |
|
|
|a Washington, D.C. :
|b World Bank,
|c 2013.
|
| 300 |
|
|
|a xviii, 102 p. :
|b ill, maps.
|
| 490 |
0 |
|
|a Directions in development
|
| 504 |
|
|
|a Includes bibliographical references and index.
|
| 533 |
|
|
|a Electronic reproduction. Ann Arbor, MI : ProQuest, 2015. Available via World Wide Web. Access may be limited to ProQuest affiliated libraries.
|
| 650 |
|
0 |
|a Economic development
|z Sri Lanka.
|
| 650 |
|
0 |
|a Infrastructure (Economics)
|x Government policy
|z Sri Lanka.
|
| 650 |
|
0 |
|a Public investments
|z Sri Lanka.
|
| 655 |
|
4 |
|a Electronic books.
|
| 700 |
1 |
|
|a Nabi, Ijaz.
|
| 710 |
2 |
|
|a ProQuest (Firm)
|
| 856 |
4 |
0 |
|u https://ebookcentral.proquest.com/lib/matrademy/detail.action?docID=1316469
|z Click to View
|